000 00375nam a2200145Ia 4500
008 230917s9999||||xx |||||||||||||| ||und||
040 _e190617
_aMAIN
041 _aEnglish
082 _a823.7 D555M:S
100 _aOpen University Press
245 0 _aStudy guide to great expectations
260 _aMilton Keynes
_bOpen University Press
300 _a33 p.
942 _cBK
999 _c191577
_d191577